[Event "Fall Classic"]
[Site "SchemingMind.com"]
[Date "2010.10.02"]
[Round "-"]
[White "thefriediceman"]
[Black "Quanah4"]
[Result "1-0"]
[WhiteCountry "USA"]
[BlackCountry "USA"]
[WhiteElo "1936"]
[WhiteRD "71"]
[BlackElo "1681"]
[BlackRD "75"]
[GameID "262267"]

1. e4 c5 2. Nf3 g6 3. d4 cxd4 4. Nxd4 Bg7 5. c4 e6 6. Nb5 Bf8 7. Bf4 Na6 8. Nd6+ Bxd6 9. Qxd6 Qe7 10. Qxe7+ Nxe7
11. Bd6 b6 12. Nc3 Bb7 13. Bd3 Nc8 14. Be5 O-O 15. a3 d6 16. Bf4 e5 17. Bh6 Re8 18. O-O Ne7 19. b4 Rac8 20. Rac1 Kh8
21. Nb5 Rcd8 22. Nxa7 Ng8 23. Be3 Nf6 24. Bxb6 Rd7 25. f3 Nc7 26. c5 dxc5 27. Rxc5 Rxd3 28. Rxc7 Ba6 29. b5 Rb8 30. Bf2 Bxb5
31. Nxb5 Rxb5 32. Rxf7 Rxa3 33. Rxf6
1-0

[Event "Fall Classic"]
[Site "SchemingMind.com"]
[Date "2010.10.05"]
[Round "-"]
[White "petrus"]
[Black "Quanah4"]
[Result "1-0"]
[WhiteCountry "BEL"]
[BlackCountry "USA"]
[WhiteElo "1810"]
[WhiteRD "84"]
[BlackElo "1681"]
[BlackRD "75"]
[GameID "262268"]

1. d4 d5 2. e3 Nf6 3. Bd3 e6 4. Nd2 h6 5. c3 c5 6. e4 cxd4 7. e5 dxc3 8. bxc3 Nfd7 9. Ngf3 Be7 10. Nb3 b6
11. Be3 Bb7 12. Qd2 Nc6 13. Bd4 Qc7 14. Qe2 f6 15. exf6 Nxf6 16. Bg6+ Kd7 17. O-O Nxd4 18. Ne5+ Kc8 19. cxd4 Kb8 20. Rac1 Ba6
21. Qxa6 Qb7 22. Nc6+ Kc7 23. Nca5+ Kd6 24. Qxb7 Rhb8 25. Qc6#
1-0